[Event "12sen.WM-H Naumburg"]
[Site "Naumburg/Saale(20.10.-03.11.)"]
[Date "2002.10.21"]
[Round "1"]
[White "Achenbach, Manfred"]
[Black "Kachar, Vladimir"]
[Result "1-0"]
[WhiteElo "2040"]
[BlackElo "2333"]
[PlyCount "74"]
[EventDate "2002.11.??"]

1. e4 c5 2. d4 cxd4 3. c3 dxc3 4. Nxc3 Nc6 5. Nf3 d6 6. Bc4 Nf6 7. O-O e6 8.
Qe2 Be7 9. Rd1 Bd7 10. Bg5 a6 11. a4 Rc8 12. Rac1 O-O 13. h3 Qa5 14. e5 Nxe5
15. Nxe5 Qxe5 16. Qxe5 dxe5 17. Bxf6 Bxf6 18. Rxd7 Rxc4 19. Rxb7 e4 20. Re1
Bxc3 21. bxc3 Rxa4 22. Rc1 Rc4 23. Ra7 Rc6 24. Re1 Rxc3 25. Rxa6 Rc4 26. Rd1 h6
27. Rd7 Kh7 28. Raa7 Kg6 29. h4 e3 30. fxe3 Rxh4 31. Kf2 Kf6 32. Rdc7 Rh1 33.
Rcb7 h5 34. Rc7 g5 35. g3 Kg6 36. Rc5 Rh2+ 37. Kf3 Rb8 1-0

[Event "12sen.WM-H Naumburg"]
[Site "Naumburg/Saale(20.10.-03.11.)"]
[Date "2002.10.21"]
[Round "1"]
[White "Asmundsson, Ingvar"]
[Black "Reimann, Hubert[42Merse"]
[Result "1-0"]
[WhiteElo "2358"]
[BlackElo "1919"]
[PlyCount "77"]
[EventDate "2002.11.??"]

1. e4 c5 2. Nf3 d6 3. Bb5+ Nd7 4. c3 a6 5. Ba4 Qc7 6. O-O Ngf6 7. Re1 b5 8. Bc2
g6 9. d4 e5 10. a4 Bb7 11. axb5 axb5 12. Rxa8+ Bxa8 13. Qe2 Qb8 14. Na3 b4 15.
Nc4 Bg7 16. dxe5 dxe5 17. Rd1 O-O 18. Nd6 bxc3 19. bxc3 Nd5 20. Nxf7 Rxf7 21.
exd5 e4 22. Ng5 Rf8 23. Qxe4 Nf6 24. Qe6+ Kh8 25. Qh3 Re8 26. Nxh7 Kg8 27.
Nxf6+ Bxf6 28. Bxg6 Re7 29. c4 Qb4 30. Be3 Qa4 31. Rb1 Bb7 32. Bxc5 Rc7 33. Bd6
Rd7 34. Qe6+ Kg7 35. Bd3 Bc8 36. Qg4+ Kh8 37. Qh5+ Kg8 38. Qe8+ Kg7 39. Qg6+
1-0

[Event "12sen.WM-H Naumburg"]
[Site "Naumburg/Saale(20.10.-03.11.)"]
[Date "2002.10.21"]
[Round "1"]
[White "Bakalarczyk, Wlodimierz"]
[Black "Piankov, Evgenij"]
[Result "0-1"]
[WhiteElo "2003"]
[BlackElo "2353"]
[PlyCount "78"]
[EventDate "2002.11.??"]

1. d4 d5 2. c4 e6 3. Nc3 c6 4. Nf3 Bd6 5. e4 dxe4 6. Nxe4 Nf6 7. Nxd6+ Qxd6 8.
Be2 O-O 9. O-O b6 10. Qc2 Nbd7 11. Bg5 Bb7 12. Rfd1 c5 13. h3 Rac8 14. Be3 Be4
15. Qc3 Qc7 16. Rac1 h6 17. dxc5 bxc5 18. Rd2 Bf5 19. Qa3 Ne4 20. Rdd1 Rb8 21.
b3 Rfd8 22. Nd2 Nef6 23. Nf1 e5 24. Ng3 Bg6 25. Rd2 Rdc8 26. Rcd1 Nf8 27. Bd3
Bxd3 28. Rxd3 Ne6 29. Rd6 Rb6 30. Nf5 Nd4 31. Rxb6 axb6 32. Bxd4 exd4 33. Re1
Rd8 34. Qb2 Qf4 35. Ne7+ Kf8 36. g3 Qf3 37. Qa3 d3 38. Re3 Qxe3 39. fxe3 d2 0-1

[Event "12sen.WM-H Naumburg"]
[Site "Naumburg/Saale(20.10.-03.11.)"]
[Date "2002.10.21"]
[Round "1"]
[White "Barlo, Werner"]
[Black "Viner, Phillip"]
[Result "0-1"]
[WhiteElo "1675"]
[BlackElo "2175"]
[PlyCount "84"]
[EventDate "2002.11.??"]

1. d4 Nf6 2. Bf4 d5 3. h3 c5 4. e3 Qb6 5. Qc1 cxd4 6. exd4 Qxd4 7. Be3 Qb4+ 8.
c3 Qd6 9. Bb5+ Nc6 10. Nf3 e5 11. O-O Be7 12. b4 O-O 13. Bc5 Qc7 14. Qe3 Re8
15. Bxe7 Rxe7 16. Nbd2 Bf5 17. Rac1 h6 18. Rfe1 Rae8 19. Nb3 a6 20. Bxc6 Qxc6
21. Nc5 b6 22. Nb3 Qb7 23. a4 Be4 24. a5 bxa5 25. Nxa5 Qb5 26. Nd2 Bd3 27. f3
d4 28. cxd4 exd4 29. Qxe7 Rxe7 30. Rxe7 Qxb4 31. Rc8+ Kh7 32. Nc6 Qxd2 33. Rxf7
Qe3+ 34. Kh1 Nd5 35. Rd8 Qc1+ 36. Kh2 Qxc6 37. Rdd7 Qg6 38. Rf8 Ne3 39. g4 Nf1+
40. Kg1 Qe6 41. Rff7 Qe5 42. f4 Qe3+ 0-1

[Event "12sen.WM-H Naumburg"]
[Site "Naumburg/Saale(20.10.-03.11.)"]
[Date "2002.10.21"]
[Round "1"]
[White "Baumgartner, Heinz"]
[Black "Schoenegg, Werner"]
[Result "1-0"]
[WhiteElo "2340"]
[BlackElo "2015"]
[PlyCount "31"]
[EventDate "2002.11.??"]

1. d4 d6 2. e4 Nf6 3. Nc3 g6 4. Bg5 Bg7 5. e5 Ng8 6. Nf3 Bg4 7. h3 Bxf3 8. Qxf3
c6 9. O-O-O Qa5 10. Bc4 e6 11. Ne4 f6 12. exf6 Nxf6 13. Nxf6+ Kd8 14. Ne4+ Ke8
15. Bxe6 Rf8 16. Nxd6# 1-0

[Event "12sen.WM-H Naumburg"]
[Site "Naumburg/Saale(20.10.-03.11.)"]
[Date "2002.10.21"]
[Round "1"]
[White "Becker, Karl_Heinz[31Dorm]"]
[Black "Just, Joachim"]
[Result "0-1"]
[WhiteElo "1562"]
[BlackElo "2149"]
[PlyCount "104"]
[EventDate "2002.11.??"]

1. d4 e6 2. Nf3 f5 3. Bg5 Nf6 4. Nc3 d5 5. e3 Be7 6. Bd3 O-O 7. Ne5 Ne4 8. Bxe7
Qxe7 9. Bxe4 fxe4 10. Qe2 Nd7 11. f4 Nxe5 12. dxe5 Bd7 13. O-O-O Rab8 14. g4 c6
15. Qf2 b5 16. h4 b4 17. Ne2 c5 18. Kb1 Bb5 19. Nc1 Qc7 20. h5 Qxe5 21. Qh4 Qf6
22. g5 Qe7 23. Qg4 Rf5 24. Rdg1 Rbf8 25. Nb3 Qc7 26. g6 h6 27. Qd1 a5 28. Rg5
a4 29. Rxf5 Rxf5 30. Nc1 Qe7 31. Ne2 Bxe2 32. Qxe2 c4 33. Qd2 Qc5 34. c3 bxc3
35. bxc3 Rf8 36. Ka1 Rb8 37. Rb1 Rxb1+ 38. Kxb1 a3 39. Ka1 Kf8 40. Qd4 Qb5 41.
Qd2 Ke7 42. Qc2 Qc5 43. Qb1 Kf6 44. Qb8 Kf5 45. Qe5+ Kg4 46. Qxe6+ Kg3 47. Qe5
Qxe3 48. f5+ Kf3 49. Kb1 Qd3+ 50. Kc1 e3 51. Qxd5+ Qxd5 52. f6 e2 0-1

[Event "12sen.WM-H Naumburg"]
[Site "Naumburg/Saale(20.10.-03.11.)"]
[Date "2002.10.21"]
[Round "1"]
[White "Bierbach, Utz_Friedrich"]
[Black "Donchenko, Anatoli"]
[Result "0-1"]
[WhiteElo "2043"]
[BlackElo "2448"]
[PlyCount "50"]
[EventDate "2002.11.??"]

1. d4 d5 2. Nf3 Nf6 3. e3 a6 4. Bd3 Bg4 5. Nbd2 e6 6. O-O Nbd7 7. h3 Bh5 8. c3
c5 9. a4 Be7 10. Qe2 O-O 11. e4 dxe4 12. Nxe4 cxd4 13. cxd4 Rc8 14. g4 Bg6 15.
Nxf6+ Nxf6 16. Bxg6 hxg6 17. Bf4 Qd5 18. Rfc1 Qb3 19. Kg2 Nd5 20. Bg3 Rxc1 21.
Rxc1 Qxa4 22. Qd3 Rd8 23. Rc4 Qb5 24. Qc2 Qe8 25. Ne5 b5 0-1

[Event "12sen.WM-H Naumburg"]
[Site "Naumburg/Saale(20.10.-03.11.)"]
[Date "2002.10.21"]
[Round "1"]
[White "Blaushtein, Boris"]
[Black "Kloos, Gerhard"]
[Result "1-0"]
[WhiteElo "2157"]
[BlackElo "1672"]
[PlyCount "83"]
[EventDate "2002.11.??"]

1. c4 g6 2. d4 Bg7 3. e4 d6 4. Nc3 Nf6 5. Nf3 O-O 6. h3 e5 7. d5 a6 8. Be3 Nbd7
9. Bd3 b6 10. Qd2 Bb7 11. Bg5 Qe8 12. g4 Nc5 13. Bc2 b5 14. b4 Na4 15. Nxa4
bxa4 16. a3 Bc8 17. O-O-O Bd7 18. Rdg1 Qc8 19. Qd1 c5 20. Qd3 cxb4 21. axb4 a3
22. Nd2 a5 23. b5 Qc5 24. Be3 Qb4 25. Qb3 Rfc8 26. Kb1 Rab8 27. Ka2 Bxb5 28.
cxb5 Rxb5 29. Rc1 Rc3 30. Qxb4 Rxb4 31. Bb3 Nxe4 32. Nxe4 Rcxb3 33. Rc8+ Bf8
34. Nf6+ Kg7 35. Ne8+ Kg8 36. Rc2 a4 37. Rhc1 f5 38. Nf6+ Kf7 39. Rc7+ Be7 40.
Rxe7+ Kxf6 41. Re6+ Kg7 42. Rc7+ 1-0

[Event "12sen.WM-H Naumburg"]
[Site "Naumburg/Saale(20.10.-03.11.)"]
[Date "2002.10.21"]
[Round "1"]
[White "Bleher, Walter"]
[Black "Zakhvatov, Vladimir"]
[Result "0-1"]
[WhiteElo "1895"]
[BlackElo "2314"]
[PlyCount "68"]
[EventDate "2002.11.??"]

1. e4 e6 2. d4 d5 3. Nd2 Nf6 4. e5 Nfd7 5. f4 c5 6. Ndf3 Nc6 7. c3 Qb6 8. h4
cxd4 9. cxd4 Bb4+ 10. Kf2 f6 11. Kg3 O-O 12. Ne2 a5 13. Qd3 a4 14. Be3 a3 15.
b3 Be7 16. Nc3 Nb4 17. Qd2 Qd8 18. Be2 Qe8 19. h5 h6 20. Nh4 Rf7 21. Ng6 Nc6
22. Nb5 Bb4 23. Qd3 Nf8 24. exf6 gxf6 25. Rh4 Rg7 26. Kh2 f5 27. Ne5 Bd7 28.
Nc7 Qe7 29. Nxa8 Qxh4+ 30. Kg1 Qh3 31. Bf1 Nxe5 32. dxe5 Bb5 33. Qxb5 Qxe3+ 34.
Kh1 Rg4 0-1

[Event "12sen.WM-H Naumburg"]
[Site "Naumburg/Saale(20.10.-03.11.)"]
[Date "2002.10.21"]
[Round "1"]
[White "Bodinger, Karl"]
[Black "Hilburt, Leonid"]
[Result "0-1"]
[WhiteElo "1577"]
[BlackElo "2106"]
[PlyCount "59"]
[EventDate "2002.11.??"]

1. e4 e5 2. Nf3 Nc6 3. Bb5 a6 4. Bc4 Nf6 5. Nc3 Bc5 6. O-O d6 7. h3 b5 8. Bd5
Nxd5 9. exd5 Ne7 10. d4 exd4 11. Nxd4 O-O 12. Nb3 Bb6 13. a3 Ng6 14. Be3 Bxe3
15. fxe3 Qg5 16. Qd2 Bxh3 17. e4 Qxd2 18. Nxd2 Bd7 19. Nf3 Rae8 20. Nd4 Ne5 21.
Rad1 Nc4 22. Rb1 Nd2 23. Rf4 Nxb1 24. Nxb1 g5 25. Rf1 Rxe4 26. Nf3 h6 27. Nbd2
Re2 28. Rd1 g4 29. Nd4 Re5 30. Nc6 0-1

[Event "12sen.WM-H Naumburg"]
[Site "Naumburg/Saale(20.10.-03.11.)"]
[Date "2002.10.21"]
[Round "1"]
[White "Boehnisch, Manfred"]
[Black "Mann, Klaus_Dieter"]
[Result "1-0"]
[WhiteElo "2365"]
[BlackElo "1979"]
[PlyCount "53"]
[EventDate "2002.11.??"]

1. e4 e5 2. Nf3 Nc6 3. Nc3 d6 4. d4 Be7 5. Bb5 exd4 6. Nxd4 Bd7 7. Bxc6 bxc6 8.
Qf3 c5 9. Nf5 Bf6 10. Nd5 Be5 11. Bf4 Bxf4 12. Qxf4 Bxf5 13. exf5 Nf6 14. Qa4+
Kf8 15. Ne3 Qe8 16. Qa5 Nd5 17. O-O Nxe3 18. Rae1 Qc6 19. Rxe3 h5 20. Rfe1 a6
21. Re7 Rc8 22. c4 Rh6 23. Qc3 Rb8 24. b3 Rd8 25. Qe3 Rb8 26. Qg5 Kg8 27. Rxf7
1-0

[Event "12sen.WM-H Naumburg"]
[Site "Naumburg/Saale(20.10.-03.11.)"]
[Date "2002.10.21"]
[Round "1"]
[White "Bogorad, Michail"]
[Black "Fischer, Paul[37Hiltr]"]
[Result "1-0"]
[WhiteElo "2197"]
[BlackElo "1766"]
[PlyCount "47"]
[EventDate "2002.11.??"]

1. e4 g6 2. d4 Bg7 3. c4 d6 4. Nc3 Nf6 5. f3 Nc6 6. Be3 Bd7 7. Qd2 e5 8. Nge2
exd4 9. Nxd4 Qe7 10. Rc1 O-O 11. Nd5 Nxd5 12. cxd5 Nxd4 13. Bxd4 Rfc8 14. Bxg7
Kxg7 15. Qd4+ Kg8 16. Bd3 Qg5 17. O-O a5 18. f4 Qg4 19. Qf6 Be8 20. f5 b5 21.
Rf3 b4 22. Rcf1 c5 23. fxg6 hxg6 24. Rh3 1-0

[Event "12sen.WM-H Naumburg"]
[Site "Naumburg/Saale(20.10.-03.11.)"]
[Date "2002.10.21"]
[Round "1"]
[White "Brameyer, Hermann"]
[Black "Krueger, Sigurd"]
[Result "1-0"]
[WhiteElo "2294"]
[BlackElo "1872"]
[PlyCount "85"]
[EventDate "2002.11.??"]

1. d4 d5 2. Nf3 Nf6 3. c4 c6 4. Nc3 e6 5. Bg5 Be7 6. e3 O-O 7. Qc2 Nbd7 8.
O-O-O dxc4 9. Bxc4 Nd5 10. Bxe7 Qxe7 11. Kb1 g6 12. h4 N7f6 13. Ne5 h5 14. Rdg1
Ng4 15. Nxg4 hxg4 16. h5 Qg5 17. h6 Nxc3+ 18. Qxc3 Qf6 19. e4 Kh7 20. Qa3 Bd7
21. e5 Qd8 22. Qg3 f5 23. exf6 Qxf6 24. Qxg4 Qf5+ 25. Qxf5 exf5 26. Re1 Rae8
27. Re5 f4 28. Rxe8 Rxe8 29. Kc2 Be6 30. Bd3 Bd5 31. f3 Re6 32. Rh4 Rf6 33. a3
Be6 34. Be4 Bf5 35. Rxf4 Kxh6 36. Bxf5 gxf5 37. g4 Kg5 38. Rxf5+ Rxf5 39. gxf5
Kxf5 40. Kd3 Kf4 41. Ke2 b6 42. b4 b5 43. Kf2 1-0

[Event "12sen.WM-H Naumburg"]
[Site "Naumburg/Saale(20.10.-03.11.)"]
[Date "2002.10.21"]
[Round "1"]
[White "Chernikov, Oleg_L"]
[Black "Keze, Arnis"]
[Result "1-0"]
[WhiteElo "2464"]
[BlackElo "2046"]
[PlyCount "117"]
[EventDate "2002.11.??"]

1. d4 d5 2. c4 e6 3. Nc3 Nf6 4. Bg5 Be7 5. e3 c6 6. Nf3 Qb6 7. Qc2 Nbd7 8. Be2
Qa5 9. Nd2 dxc4 10. Bxf6 Nxf6 11. Nxc4 Qg5 12. O-O Bd7 13. Ne5 Rd8 14. f4 Qh6
15. Qb3 Bc8 16. Bf3 g6 17. Rad1 Nd5 18. Ne4 O-O 19. g3 f5 20. Nc5 Bxc5 21. dxc5
g5 22. Nc4 gxf4 23. exf4 Rf7 24. Rfe1 Rg7 25. Bg2 Kh8 26. Qd3 Rdg8 27. Qd4 Qf6
28. Qxf6 Nxf6 29. Nd6 Bd7 30. Bf3 Nd5 31. Kf2 Rb8 32. b3 h6 33. Rd4 b6 34. Ra4
bxc5 35. Rxa7 Nb4 36. Be2 Nc2 37. Rc1 Nd4 38. Rxc5 Nxe2 39. Kxe2 h5 40. Nc4 Rb5
41. Rxb5 cxb5 42. Ne5 Bc8 43. Rxg7 Kxg7 44. Kd3 Kf6 45. Kd4 Ke7 46. Kc5 Bb7 47.
b4 Bh1 48. a3 Bg2 49. Kxb5 Kd6 50. Nc4+ Kc7 51. Kc5 Bc6 52. b5 Bd5 53. a4 Bg2
54. a5 Bh1 55. a6 Bg2 56. b6+ Kb8 57. Ne5 Kc8 58. Nc6 Kd7 59. b7 1-0

[Event "12sen.WM-H Naumburg"]
[Site "Naumburg/Saale(20.10.-03.11.)"]
[Date "2002.10.21"]
[Round "1"]
[White "Dahlhaus, Friedhelm"]
[Black "Zurel, Maxim"]
[Result "1-0"]
[WhiteElo "2233"]
[BlackElo "1777"]
[PlyCount "99"]
[EventDate "2002.11.??"]

1. e4 e5 2. Nf3 Nc6 3. Bb5 Nf6 4. d4 Nxd4 5. Nxd4 exd4 6. Qxd4 c6 7. Bd3 Qa5+
8. Nc3 d6 9. Bf4 Qb6 10. Qxb6 axb6 11. O-O Be7 12. a4 O-O 13. e5 dxe5 14. Bxe5
Be6 15. Bd4 Nd7 16. Ne4 Ra7 17. b3 Rfa8 18. Nd2 Rc8 19. Nc4 c5 20. Bc3 Bd8 21.
Nd6 Rc6 22. Nb5 Ra8 23. Be4 Rac8 24. Na7 R8c7 25. Rad1 Be7 26. Nxc6 bxc6 27. f4
Nf6 28. Bf3 Nd5 29. Be5 Rc8 30. Rfe1 Bf8 31. c4 Nb4 32. Be4 Bg4 33. Rd2 Re8 34.
h3 Bc8 35. Red1 Be7 36. Bc3 Bh4 37. Bxb4 cxb4 38. Bxc6 Rf8 39. Re2 Bf6 40. Re8
Be6 41. g4 Rxe8 42. Bxe8 Be7 43. Bd7 Bxd7 44. Rxd7 Kf8 45. Kg2 Ke8 46. Rb7 Bd8
47. Kf3 g6 48. g5 Kf8 49. Ke4 Kg7 50. Rd7 1-0

[Event "12sen.WM-H Naumburg"]
[Site "Naumburg/Saale(20.10.-03.11.)"]
[Date "2002.10.21"]
[Round "1"]
[White "Davydov, Michael"]
[Black "Petkevitch, Josef"]
[Result "0-1"]
[WhiteElo "2038"]
[BlackElo "2439"]
[PlyCount "134"]
[EventDate "2002.11.??"]

1. e4 c5 2. Nf3 d6 3. d4 cxd4 4. Nxd4 Nf6 5. f3 a6 6. c4 e6 7. Nc3 b6 8. Be3
Bb7 9. Be2 Nbd7 10. O-O Be7 11. Nc2 O-O 12. Rc1 Rc8 13. Bf2 Ne5 14. Ne3 Ng6 15.
Re1 Nd7 16. Qd2 Nde5 17. Red1 Nf4 18. Bf1 Nh3+ 19. Kh1 Nxf2+ 20. Qxf2 Ng6 21.
Rc2 Qc7 22. Rcd2 Rfd8 23. g3 Bf6 24. Ne2 Qc5 25. Kg1 h5 26. b3 b5 27. Nd4 b4
28. Ne2 a5 29. Bg2 Rd7 30. f4 Bd8 31. Rd3 Bb6 32. Kf1 Rcd8 33. Qf3 h4 34. Qg4
hxg3 35. Qxg3 Qh5 36. Bf3 Qh4 37. Kg2 Qh7 38. Kh1 Nh4 39. f5 Nxf3 40. Qxf3 Bxe3
41. Rxe3 exf5 42. Ng3 g6 43. Qf4 Qh3 44. Kg1 Qg4 45. Qxg4 fxg4 46. Red3 Bc6 47.
Kf2 f6 48. Ke3 Kf7 49. Kf4 Ke6 50. Kxg4 Ke5 51. Kf3 f5 52. Rd5+ Bxd5 53. Rxd5+
Ke6 54. exf5+ gxf5 55. Rxa5 d5 56. Ne2 d4 57. Nf4+ Kf6 58. Nd5+ Kg5 59. Nxb4
Rh8 60. Rd5 Rh3+ 61. Kg2 Rdh7 62. Rxd4 Rxh2+ 63. Kg1 f4 64. Nd3 f3 65. Nf2 Rg2+
66. Kf1 Rhh2 67. Rd2 Rxf2+ 0-1

[Event "12sen.WM-H Naumburg"]
[Site "Naumburg/Saale(20.10.-03.11.)"]
[Date "2002.10.21"]
[Round "1"]
[White "Didu, Kaplan"]
[Black "Knobling, Rolf"]
[Result "1-0"]
[WhiteElo "2076"]
[BlackElo "1474"]
[PlyCount "49"]
[EventDate "2002.11.??"]

1. e4 c5 2. Nf3 Nc6 3. d4 cxd4 4. Nxd4 d6 5. Bc4 Nf6 6. Nc3 Bd7 7. Bb3 g6 8. f3
Bg7 9. Be3 O-O 10. Qd2 Re8 11. O-O-O a6 12. g4 Nxd4 13. Bxd4 Be6 14. Nd5 Nxd5
15. exd5 Bd7 16. Bxg7 Kxg7 17. h4 f6 18. c3 b5 19. Bc2 Qb6 20. Qd3 f5 21. h5
Rf8 22. hxg6 hxg6 23. Rd2 Rh8 24. Rg1 Rad8 25. gxf5 1-0

[Event "12sen.WM-H Naumburg"]
[Site "Naumburg/Saale(20.10.-03.11.)"]
[Date "2002.10.21"]
[Round "1"]
[White "Dombrowski, Heinz_Guenter"]
[Black "Duemmke, Juergen"]
[Result "0-1"]
[WhiteElo "1727"]
[BlackElo "2191"]
[PlyCount "52"]
[EventDate "2002.11.??"]

1. e4 d5 2. exd5 Nf6 3. d4 Nxd5 4. c4 Nb6 5. Be3 e5 6. Nc3 exd4 7. Bxd4 Nc6 8.
Qe2+ Be6 9. Bxb6 axb6 10. Nf3 Bb4 11. Rd1 Qf6 12. Qc2 Rxa2 13. Rc1 O-O 14. Bd3
Bg4 15. O-O Bxc3 16. Qxc3 Bxf3 17. gxf3 Nd4 18. Rfd1 Nxf3+ 19. Kg2 Nh4+ 20. Kh3
Qf3+ 21. Kxh4 g5+ 22. Kxg5 Ra5+ 23. Qxa5 bxa5 24. Kh4 Kh8 25. Bb1 Rg8 26. Rg1
Qxf2+ 0-1

[Event "12sen.WM-H Naumburg"]
[Site "Naumburg/Saale(20.10.-03.11.)"]
[Date "2002.10.21"]
[Round "1"]
[White "Dornieden, Manfred_Dr"]
[Black "Daniel, Wolfgang"]
[Result "1-0"]
[WhiteElo "2299"]
[BlackElo "1885"]
[PlyCount "189"]
[EventDate "2002.11.??"]

1. c4 Nf6 2. Nf3 d6 3. g3 g6 4. Bg2 Bg7 5. O-O O-O 6. Nc3 e5 7. Rb1 a5 8. a3
Nc6 9. d3 Bg4 10. h3 Bd7 11. e3 Bf5 12. Nh4 Bd7 13. b4 axb4 14. axb4 Rb8 15. b5
Ne7 16. Ba3 b6 17. Bb4 Qc8 18. Kh2 g5 19. Nf3 g4 20. hxg4 Nxg4+ 21. Kg1 f5 22.
Nh2 Qe8 23. Nxg4 fxg4 24. Nd5 Nxd5 25. Bxd5+ Kh8 26. Kg2 Qg6 27. Ra1 Be6 28.
Ra7 Bxd5+ 29. cxd5 Rf7 30. e4 Rbf8 31. Be1 Bf6 32. Bd2 Bg5 33. Bxg5 Qxg5 34.
Qc2 Qf6 35. Qe2 Qg5 36. Ra2 Rf6 37. Qe1 h5 38. Qc1 Qg7 39. Rh1 Qf7 40. Rf1 Qg7
41. Rc2 R8f7 42. Rh1 Rh6 43. Ra2 Qf6 44. Qe3 Rhh7 45. Ra8+ Kg7 46. Re8 Re7 47.
Rc8 Rf7 48. Rc1 Kg6 49. Ra1 h4 50. Rg8+ Rhg7 51. Rxg7+ Kxg7 52. gxh4 Qxh4 53.
Rh1 Qf6 54. Kf1 Qf4 55. Ke2 Qxe3+ 56. Kxe3 Kg6 57. Rh8 Kg5 58. Rg8+ Kh4 59. Ke2
Rh7 60. Kf1 Kh3 61. Kg1 Kh4 62. Kg2 Rf7 63. Kf1 Rh7 64. Rf8 g3 65. f3 Kh3 66.
Kg1 g2 67. Rg8 Rf7 68. Kf2 Kh4 69. Rxg2 Kh5 70. Ke3 Kh4 71. Rg1 Kh5 72. Rf1 Kg5
73. Rh1 Kf6 74. d4 exd4+ 75. Kxd4 Ke7 76. Ke3 Rg7 77. Kf2 Kd7 78. f4 Ke7 79.
Kf3 Kf7 80. Rh6 Ke7 81. e5 dxe5 82. fxe5 Kd7 83. Kf4 Rf7+ 84. Ke4 Rg7 85. Kf5
Rf7+ 86. Rf6 Rh7 87. Kg6 Rh1 88. Rf7+ Kd8 89. Kf5 Rh6 90. Rf6 Rh8 91. d6 cxd6
92. Rxd6+ Kc7 93. Rc6+ Kb7 94. Rc1 Rh2 95. e6 1-0

[Event "12sen.WM-H Naumburg"]
[Site "Naumburg/Saale(20.10.-03.11.)"]
[Date "2002.10.21"]
[Round "1"]
[White "Eidam, Horst"]
[Black "Opl, Klaus_Dr"]
[Result "0-1"]
[WhiteElo "1862"]
[BlackElo "2279"]
[PlyCount "128"]
[EventDate "2002.11.??"]

1. c4 e6 2. Nf3 Nf6 3. Nc3 d5 4. e3 Nbd7 5. d4 c6 6. Bd3 dxc4 7. Bxc4 b5 8. Be2
Bb7 9. a3 Bd6 10. O-O O-O 11. e4 e5 12. Bg5 h6 13. Bh4 a6 14. b4 Qe7 15. Bxf6
Nxf6 16. dxe5 Bxe5 17. Nxe5 Qxe5 18. Qc2 c5 19. Rfe1 cxb4 20. Nd5 Rac8 21.
Nxf6+ Qxf6 22. Qb3 bxa3 23. Qxa3 Rc3 24. Qb4 Rfc8 25. Bf3 R8c4 26. Qa5 Qg5 27.
Kf1 Qh4 28. Kg1 Rc2 29. Qb6 Qe7 30. Qa7 Qc7 31. h3 b4 32. Be2 Rxe4 33. Bd3
Rxe1+ 34. Rxe1 Rc1 35. Rxc1 Qxc1+ 36. Kh2 Qc8 37. Qb6 g6 38. Qxb4 Qc7+ 39. Kg1
a5 40. Qb3 Qc6 41. f3 a4 42. Qa2 Qc1+ 43. Kh2 Qf4+ 44. Kh1 Bxf3 45. Bxg6 Bd1
46. Bd3 Qc1 47. Kh2 Bb3 48. Qe2 Qf4+ 49. g3 Qd6 50. Qe8+ Kg7 51. Qe4 Qe6 52.
Qd4+ Kf8 53. Qd8+ Kg7 54. Qd4+ f6 55. Qa7+ Qf7 56. Qc5 Qd7 57. Qe3 Bd5 58. Qd4
Bc6 59. Qe3 Qb7 60. Qc5 Bh1 61. Qg1 a3 62. Bc4 Be4 63. Qe3 Qb2+ 64. Be2 Qb1 0-1

[Event "12sen.WM-H Naumburg"]
[Site "Naumburg/Saale(20.10.-03.11.)"]
[Date "2002.10.21"]
[Round "1"]
[White "Fabritius, Herbert"]
[Black "Villing, Dieter"]
[Result "0-1"]
[WhiteElo "1726"]
[BlackElo "2183"]
[PlyCount "50"]
[EventDate "2002.11.??"]

1. d4 Nf6 2. Nf3 d6 3. e3 Bg4 4. Nbd2 c6 5. Be2 Nbd7 6. c3 Qc7 7. h3 Bh5 8. Nh4
Bxe2 9. Qxe2 d5 10. e4 dxe4 11. Nxe4 e6 12. Nf5 O-O-O 13. Nxf6 Nxf6 14. Ng3 c5
15. dxc5 Bxc5 16. Bg5 Rd5 17. Bxf6 gxf6 18. Kf1 Rhd8 19. Ne4 f5 20. Nxc5 Qxc5
21. g3 Rd2 22. Qf3 R8d3 23. Qf4 Qd5 24. Kg1 Rd1+ 25. Kh2 Qxh1# 0-1

[Event "12sen.WM-H Naumburg"]
[Site "Naumburg/Saale(20.10.-03.11.)"]
[Date "2002.10.21"]
[Round "1"]
[White "Fanenbruck, Guenter"]
[Black "Nietsch, Horst"]
[Result "1/2-1/2"]
[WhiteElo "1557"]
[BlackElo "2085"]
[PlyCount "43"]
[EventDate "2002.11.??"]

1. e4 e5 2. Nf3 Nc6 3. d4 exd4 4. Nxd4 Bc5 5. Be3 Qf6 6. c3 Nge7 7. Be2 Bb6 8.
O-O O-O 9. Na3 d5 10. Bf3 Ne5 11. Kh1 Nxf3 12. gxf3 c5 13. Nb3 Rd8 14. Nxc5
dxe4 15. Nxe4 Qf5 16. Qe2 Be6 17. Rg1 f6 18. Rg4 Ng6 19. Re1 Qe5 20. Bxb6 axb6
21. Nxf6+ gxf6 22. Re4 1/2-1/2

[Event "12sen.WM-H Naumburg"]
[Site "Naumburg/Saale(20.10.-03.11.)"]
[Date "2002.10.21"]
[Round "1"]
[White "Farin, Friedrich"]
[Black "Gudat, Alfons"]
[Result "0-1"]
[WhiteElo "1324"]
[BlackElo "2054"]
[PlyCount "126"]
[EventDate "2002.11.??"]

1. d4 Nf6 2. Nc3 d5 3. Bg5 Nbd7 4. e3 g6 5. Bd3 Bg7 6. Nge2 O-O 7. e4 dxe4 8.
Nxe4 Nxe4 9. Bxe4 c5 10. c3 h6 11. Bh4 Qb6 12. b3 cxd4 13. O-O dxc3 14. Rc1 Nc5
15. Nxc3 Bxc3 16. Rxc3 Nxe4 17. Re3 Nf6 18. Rfe1 Be6 19. Rc3 Rfd8 20. Qc1 Kg7
21. Bg3 Rd7 22. Bf4 Ng8 23. Be3 Qa6 24. a4 Rad8 25. h3 f6 26. f3 Bf7 27. g4 e5
28. Kf2 g5 29. h4 Ne7 30. hxg5 hxg5 31. Bxg5 fxg5 32. Qxg5+ Qg6 33. Qxe5+ Qf6
34. Rce3 Qxe5 35. Rxe5 Ng6 36. Rg5 Rd5 37. Rxd5 Rxd5 38. Kg3 Rd3 39. b4 Bd5 40.
Rf1 Ne5 41. Kf4 Rxf3+ 42. Rxf3 Nxf3 43. Kf5 Kf7 44. g5 Bb3 45. g6+ Kg7 46. a5
Bc2+ 47. Kf4 Kxg6 48. Kxf3 Kf5 49. Ke3 Ke5 50. Kd2 Ba4 51. Ke3 Bb5 52. Kd2 Kd4
53. Kc2 Kc4 54. a6 b6 55. Kc1 Kxb4 56. Kb2 Bxa6 57. Ka2 Kc3 58. Ka3 b5 59. Ka2
b4 60. Ka1 Bd3 61. Ka2 b3+ 62. Ka3 b2 63. Ka4 b1=Q 0-1

[Event "12sen.WM-H Naumburg"]
[Site "Naumburg/Saale(20.10.-03.11.)"]
[Date "2002.10.21"]
[Round "1"]
[White "Fassmann, Ewald"]
[Black "Rost_van_Tonningen, Otto"]
[Result "0-1"]
[WhiteElo "1771"]
[BlackElo "2230"]
[PlyCount "154"]
[EventDate "2002.11.??"]

1. c4 g6 2. Nc3 Bg7 3. d4 Nf6 4. Nf3 O-O 5. e3 d6 6. Be2 c5 7. O-O cxd4 8. exd4
Bf5 9. Bd3 Qd7 10. Qc2 Bxd3 11. Qxd3 Nc6 12. Be3 Rac8 13. b3 Ng4 14. Rac1 Nxe3
15. Qxe3 b6 16. Rcd1 Rfe8 17. Ne2 Qf5 18. Ng3 Qa5 19. Qd2 Qxd2 20. Rxd2 d5 21.
cxd5 Nb4 22. Ne5 Nxd5 23. Nc4 Rc7 24. Ne2 Rec8 25. g3 b5 26. Na3 a6 27. Rfd1 e6
28. Nb1 Bf8 29. a3 a5 30. Kf1 Bh6 31. Ra2 Rc2 32. Rxc2 Rxc2 33. Ke1 Rb2 34. Nd2
Bxd2+ 35. Rxd2 Rxb3 36. Ra2 Nb6 37. h4 a4 38. Nc1 Rf3 39. Ke2 Rf5 40. f4 Nc4
41. Kd3 Rd5 42. Ne2 Rd7 43. Kc3 Rc7 44. Kd3 Nd6 45. Rb2 h5 46. Ra2 Kg7 47. Rb2
Kf6 48. Nc3 Rb7 49. Ne4+ Nxe4 50. Kxe4 Ke7 51. d5 Kd6 52. dxe6 Kxe6 53. Kd4 Kd6
54. Ke4 Re7+ 55. Kd4 Kc6 56. Rc2+ Kb6 57. Rc3 f5 58. Kd5 b4 59. axb4 Kb5 60.
Rc5+ Kxb4 61. Rc6 Rd7+ 62. Ke5 Ra7 63. Kf6 a3 64. Kxg6 a2 65. Rc1 a1=Q 66. Rxa1
Rxa1 67. Kxh5 Rg1 68. Kg5 Rxg3+ 69. Kxf5 Kc5 70. h5 Kd6 71. Kf6 Rh3 72. Kg6 Ke7
73. f5 Kf8 74. f6 Rg3+ 75. Kf5 Kf7 76. h6 Rh3 77. Kg5 Rh2 0-1

[Event "12sen.WM-H Naumburg"]
[Site "Naumburg/Saale(20.10.-03.11.)"]
[Date "2002.10.21"]
[Round "1"]
[White "Fischer, Ernst[37Weiden]"]
[Black "Stock, Hugo"]
[Result "1/2-1/2"]
[WhiteElo "1981"]
[BlackElo "1684"]
[PlyCount "73"]
[EventDate "2002.11.??"]

1. e4 c5 2. Nc3 Nc6 3. g3 g6 4. Bg2 Bg7 5. d3 d6 6. Be3 Nf6 7. h3 Rb8 8. Qd2
O-O 9. Nge2 b5 10. Bh6 b4 11. Nd1 e5 12. f3 Be6 13. h4 Qd7 14. Nf2 Nd4 15. Nxd4
cxd4 16. g4 Kh8 17. h5 Bxh6 18. Qxh6 Ng8 19. Qd2 Qe7 20. g5 h6 21. Ke2 Qxg5 22.
Qxg5 hxg5 23. hxg6+ Kg7 24. gxf7 Rxf7 25. Rag1 Rbf8 26. Bh3 Kf6 27. Bxe6 Kxe6
28. Rh3 Rc7 29. Kd2 Rfc8 30. Rc1 a5 31. Nd1 Rg7 32. c4 bxc3+ 33. bxc3 dxc3+ 34.
Rxc3 Rxc3 35. Nxc3 Ne7 36. Rh8 g4 37. fxg4 1/2-1/2

[Event "12sen.WM-H Naumburg"]
[Site "Naumburg/Saale(20.10.-03.11.)"]
[Date "2002.10.21"]
[Round "1"]
[White "Fotland, Hans_Christian"]
[Black "Gruzmann, Boris"]
[Result "0-1"]
[WhiteElo "1819"]
[BlackElo "2265"]
[PlyCount "32"]
[EventDate "2002.11.??"]

1. d4 Nf6 2. c4 d6 3. Nc3 Bf5 4. Qb3 Nc6 5. Nf3 e5 6. dxe5 dxe5 7. Bg5 Bb4 8.
Rd1 Qe7 9. a3 Bxc3+ 10. Qxc3 Ne4 11. Qb3 Qe6 12. Bd2 O-O-O 13. e3 Nc5 14. Qc3
Nd3+ 15. Ke2 Bg4 16. h3 Nd4+ 0-1